Top 5 Countries that produce ... #9 - Statistics

General Stats
  • This quiz has been taken 108 times
  • The average score is 27 of 30
Answer Stats
Answer % Correct
China
100%
China
100%
China
100%
China
100%
China
100%
United States
100%
United States
100%
United States
100%
United States
100%
United States
100%
Germany
98%
Germany
98%
Russia
98%
Russia
98%
Russia
98%
India
96%
India
96%
India
96%
Japan
95%
Japan
95%
Japan
95%
France
93%
France
93%
Brazil
92%
Australia
86%
Canada
82%
Kazakhstan
62%
Niger
62%
Namibia
26%
Zimbabwe
22%
No matching quizzes found
Score Distribution
Percent of People with Each Score
Percentile by Number Answered
Your Score History
You have not taken this quiz